Conflict resolution and human needs : (Record no. 16014)

000 -LEADER
fixed length control field 02293nam a2200289 a 4500
001 - CONTROL NUMBER
control field ASIN041562990X
005 - DATE AND TIME OF LATEST TRANSACTION
control field 20170105102930.0
008 - FIXED-LENGTH DATA ELEMENTS--GENERAL INFORMATION
fixed length control field 140115s2013 xxu eng d
020 ## - INTERNATIONAL STANDARD BOOK NUMBER
International Standard Book Number 041562990X (hardcover)
Terms of availability $135.00
020 ## - INTERNATIONAL STANDARD BOOK NUMBER
International Standard Book Number 9780415629904 (hardcover)
040 ## - CATALOGING SOURCE
Original cataloging agency 0
050 04 - LIBRARY OF CONGRESS CALL NUMBER
Classification number HM1126
082 04 - DEWEY DECIMAL CLASSIFICATION NUMBER
Classification number 303.69
Author Mark CON 2013
245 00 - TITLE STATEMENT
Title Conflict resolution and human needs :
Remainder of title linking theory and practice /
Statement of responsibility, etc. Kevin Avruch, Christopher Mitchell.
250 ## - EDITION STATEMENT
Edition statement 0th ed.
260 ## - PUBLICATION, DISTRIBUTION, ETC.
Place of publication, distribution, etc. [S.l.] :
Name of publisher, distributor, etc. Routledge,
Date of publication, distribution, etc. 2013.
300 ## - PHYSICAL DESCRIPTION
Extent 264 p. ;
Dimensions 24 cm.
490 1# - SERIES STATEMENT
Series statement Routledge studies in peace and conflict resolution.
520 ## - SUMMARY, ETC.
Summary, etc. This edited volume examines Basic Human Needs theory and interactive problem solving, looking at recent developments in thinking about both and how these might affect peacebuilding in contemporary conflicts of the twenty-first century. The era in the immediate aftermath of World War II was, paradoxically, a time of great optimism in parts of academia. There was, especially in the United States and much of Europe, a widespread belief in the social sciences that systematic scholarly analysis would enable humanity to understand and do something about the most complex of social processes, and thus about solving persistent human problems: unemployment, delinquency, racism, under-development, and even issues of conflict, war and peace. This book examines the evolution of the Basic Human Needs theory and is divided into two key parts: Basic Human Needs in Theory and Basic Human Needs in Practice. Exploring this theory through a wide range of different lenses, including gender, ethics and power, the volume brings together some of the leading scholars in the field of peace and conflict studies and draws upon research both past and present to forecast where the movement is headed in the future. This book will be of much interest to students of peace and conflict studies, conflict resolution, psychology, security studies and IR.
650 #0 - SUBJECT ADDED ENTRY--TOPICAL TERM
Topical term or geographic name entry element Basic needs
650 #0 - SUBJECT ADDED ENTRY--TOPICAL TERM
Topical term or geographic name entry element Conflict management
700 1# - ADDED ENTRY--PERSONAL NAME
Personal name Avruch, Kevin.
700 1# - ADDED ENTRY--PERSONAL NAME
Personal name Mitchell, Christopher.
830 #0 - SERIES ADDED ENTRY--UNIFORM TITLE
Uniform title Routledge studies in peace and conflict resolution.
856 40 - ELECTRONIC LOCATION AND ACCESS
Materials specified Amazon.com
Uniform Resource Identifier <a href="http://www.amazon.com/exec/obidos/ASIN/041562990X/chopaconline-20">http://www.amazon.com/exec/obidos/ASIN/041562990X/chopaconline-20</a>
942 ## - ADDED ENTRY ELEMENTS (KOHA)
Source of classification or shelving scheme
Koha item type Book
Holdings
Withdrawn status Lost status Damaged status Not for loan Collection code Permanent Location Current Location Shelving location Date acquired Total Checkouts Full call number Barcode Date last seen Price effective from Koha item type
          Centre for International Peace & Stability (CIPS) Centre for International Peace & Stability (CIPS) General Stacks 11/21/2013   303.69 CON 2013 CIPS0002505 01/15/2014 01/15/2014 Book
© 2023 Central Library, National University of Sciences and Technology. All Rights Reserved.